00642cam a22002297a 4500003000500000005001700005008004100022010001000063011001000073020001500083035001100098040000900109082001900118100003900137245009400176250001000270260003900280300001600319650002800335650002500363650002400388CHAP20220329143001.0050530d1999 mx r 00110 spa d a90357 a91329 a9706862676 a101887 cCHAP04a657.4bR5 199900aRío González, Cristóbal del.10aCostos III :bvariable, los costos tradicionales....c/por Cristobal del Río González a3 ed. aMéxico, D. F. :bThomson,c1999. ac.a. 200 p.14aContabilidad de costos.14aContabilidad fiscal.14aToma de decisiones.